Jüngste Spieler vom VfB Stuttgart in der Bundesliga (seit 2000) - Statistiken

Allgemein
  • Dieses Quiz wurde 88 mal gespielt
    21 seit der letzten Aktualisierung
  • Das Durchschnittsergebnis liegt bei 18 aus 50
Antwortstatistiken
Jahr Alter Nationalität Spieler % Korrekt
2013 17 Jahre Deutschland Timo Werner
85%
2000 19 Jahre Belarus Aleksandr Hleb
70%
2004 18 Jahre Deutschland Mario Gómez
65%
2013 19 Jahre Deutschland Rani Khedira
65%
2006 19 Jahre Deutschland Sami Khedira
65%
2006 19 Jahre Deutschland Serdar Taşçı
65%
2022 19 Jahre Deutschland/ Griechenland Thomas Kastanaras
60%
2022 19 Jahre Portugal Tiago Tomás
55%
2021 18 Jahre Dänemark Wahid Faghir
55%
2017 19 Jahre Türkei/ Deutschland Berkay Özcan
50%
2021 19 Jahre Frankreich Enzo Millot
50%
2021 17 Jahre Niederlande Mohamed Sankoh
50%
2017 19 Jahre Belgien Orel Mangala
50%
2014 18 Jahre Ecuador Carlos Gruezo
45%
2018 19 Jahre Dänemark Jacob Bruun Larsen
45%
2023 18 Jahre Serbien Jovan Milosevic
45%
2020 18 Jahre Deutschland Lilian Egloff
45%
2021 18 Jahre Frankreich Naouirou Ahamada
45%
2003 19 Jahre Deutschland Philipp Lahm
45%
2008 19 Jahre Deutschland Sven Ulreich
45%
2012 18 Jahre Deutschland Antonio Rüdiger
40%
2005 19 Jahre Deutschland Christian Gentner
40%
2023 18 Jahre Deutschland Luca Raimund
40%
2019 18 Jahre Türkei Ozan Kabak
40%
2025 18 Jahre Deutschland Finn Jeltsch
35%
2022 17 Jahre Deutschland Laurin Ulrich
35%
2024 18 Jahre Deutschland Samuele Di Benedetto
35%
2001 18 Jahre Deutschland Andreas Hinkel
30%
2017 19 Jahre Kroatien Josip Brekalo
30%
2001 19 Jahre Deutschland Kevin Kuranyi
30%
2020 17 Jahre Guinea Momo Cissé
30%
2012 18 Jahre Österreich Raphael Holzhauser
30%
2014 18 Jahre Deutschland Timo Baumgartl
30%
2006 18 Jahre Deutschland Andreas Beck
25%
2015 18 Jahre Kosovo Arianit Ferati
25%
2021 18 Jahre Türkei Ömer Faruk Beyaz
25%
2020 19 Jahre Frankreich Tanguy Coulibaly
25%
2018 17 Jahre Deutschland Antonis Aidonis
20%
2024 18 Jahre Deutschland Jarzinho Malanga
20%
2017 19 Jahre Deutschland Dzenis Burnic
15%
2024 19 Jahre Deutschland Justin Diehl
15%
2018 17 Jahre Deutschland Leon Dajaku
15%
2008 18 Jahre Deutschland Sebastian Rudy
15%
2021 18 Jahre Frankreich Alexis Tibidi
10%
2001 18 Jahre Deutschland Christian Tiffert
10%
2008 18 Jahre Deutschland Manuel Fischer
10%
2015 19 Jahre Deutschland Mart Ristl
5%
2000 19 Jahre Italien Angelo Vaccaro
0%
2001 18 Jahre Deutschland Michael Rundio
0%
2001 18 Jahre Deutschland Steffen Kocholl
0%
Keine übereinstimmenden Quizze gefunden
Verteilung der Resultate
Anzahl Personen mit jedem Resultat
Perzentil nach korrekt beantworteten Fragen
Ihre Resultats-Entwicklung
Sie haben dieses Quiz seit der letzten Aktualisierung nicht gespielt